书目信息 |
| 题名: |
微管理
|
|
| 作者: | 陈洪安 , 郑玥 , 季昌梧 著 | |
| 分册: | ||
| 出版信息: | 北京 清华大学出版社 2014.7 |
|
| 页数: | X, 402页 | |
| 开本: | 24cm | |
| 丛书名: | ||
| 单 册: | ||
| 中图分类: | C93-49 | |
| 科图分类: | ||
| 主题词: | 管理学--Guan Li Xue--通俗读物 , 通俗读物--Tong Su Du Wu | |
| 电子资源: | ||
| ISBN: | 978-7-302-35407-9 | |
| 000 | 01083nam0 22002891 450 | |
| 001 | 350048 | |
| 005 | 20161008162353.32 | |
| 010 | @a978-7-302-35407-9@dCNY45.00 | |
| 100 | @a20141015d2014 em y0chiy50 ea | |
| 101 | 0 | @achi |
| 102 | @aCN@b110000 | |
| 105 | @ay z 000yy | |
| 106 | @ar | |
| 200 | 1 | @a微管理@AWei Guan Li@e你所不知道的管理世界@f陈洪安等著 |
| 210 | @a北京@c清华大学出版社@d2014.7 | |
| 215 | @aX, 402页@d24cm | |
| 304 | @a其他著者:郑玥、季昌梧、吴露琼、吴奇鹏 | |
| 330 | @a本书汇集了116个通俗易懂的管理微案例,通过启发思维的案例引入,从微管理的定义、微管理的未来(计划)、群体的微管理(组织)、领袖的微权威(领导)、过程的微管理(控制)、微管理的升级(创新)到再说微管理,阐述了管理理论的实用应用。 | |
| 517 | 1 | @a你所不知道的管理世界@ANi Suo Bu Zhi Dao De Guan Li Shi Jie |
| 606 | 0 | @a管理学@AGuan Li Xue@j通俗读物 |
| 606 | 0 | @a通俗读物@ATong Su Du Wu |
| 690 | @aC93-49@v5 | |
| 701 | 0 | @a陈洪安@AChen Hong An@4著 |
| 701 | 0 | @a郑玥@AZheng Yue@4著 |
| 701 | 0 | @a季昌梧@AJi Chang Wu@4著 |
| 801 | 0 | @aCN@bTANGWEI@20160802 |
| 905 | @b0888065-9@dC93-49@e534@f5 | |
| 微管理:你所不知道的管理世界/陈洪安等著.-北京:清华大学出版社,2014.7 |
| X, 402页;24cm |
| ISBN 978-7-302-35407-9:CNY45.00 |
| 本书汇集了116个通俗易懂的管理微案例,通过启发思维的案例引入,从微管理的定义、微管理的未来(计划)、群体的微管理(组织)、领袖的微权威(领导)、过程的微管理(控制)、微管理的升级(创新)到再说微管理,阐述了管理理论的实用应用。 |
| ● |
| 相关链接 |
|
|
|
|
正题名:微管理
索取号:C93-49/534
 
预约/预借
| 序号 | 登录号 | 条形码 | 馆藏地/架位号 | 状态 | 备注 |
| 1 | 0888065 | 208880656 | 第一样本阅览室/ [索取号:C93-49/534] | 在馆 | |
| 2 | 0888066 | 208880665 | 第一借阅区/ [索取号:C93-49/534] | 在馆 | |
| 3 | 0888067 | 208880674 | 第一借阅区/ [索取号:C93-49/534] | 在馆 | |
| 4 | 0888068 | 208880683 | 第一借阅区/ [索取号:C93-49/534] | 在馆 | |
| 5 | 0888069 | 208880692 | 第一借阅区/ [索取号:C93-49/534] | 在馆 |